Movies Quiz

Random Movies or Show Quiz
Score 0/23 Timer 15:00
0 Plays Today
Question Answer % Correct
Finish this line: 'Whatever happened to Saturday night? When you dressed up sharp and you felt ____'all right
69.7%
What colour are Columbia's socks during 'The Time Warp'?Blue
65.1%
What does Magenta play with as Janet sings 'Touch-a-touch-me'?Hair dryer
55.1%
How many dogs chase Rocky?Four
53.4%
Finish this line: 'We're a wild and an untammed thing, we're a bee with a ____ sting.'deadly
51.9%
What shape is on Franks lab coat?Triangle
51.8%
Who is making the speech on the car radio when they get a puncture?Richard Nixon
46.6%
Due to the castle not having heat, one actor caught pneumonia. Who was it?Susan Sarandon
45.2%
At the start of the Timewarp, the clock is set to six o'Clock. But how many times does it ring? Seven
39%
What is the name of the book the Criminologist reads from?The Denton Affair
37%
Aside from the chemical symbols scrawled on the lab wall next to the control panel, there is a grocery list. What is one item on it?flour, bread, sugar, eggs
31%
Which actor couldn't really sing?Peter Hinwood
24.6%
Question Answer % Correct
How many Transylvanians appear in the movie?Twenty-one
21.8%
When they unvail Rocky, Frank screams out something. What does he say?Hoopla
8.2%
Which Transylvanian was Richard O'Brien once married to?Kimi Wong
7.7%
Where did Riff Raff get the rag from thay he wipes Janet off with?It's his hump
7.3%
Who did Richard O'Brien say Frank N Furter was based on?Cruella De Vil
5.6%
What does Frank use to operate the sky screen?Right Foot
5.4%
The concept for the Lips at the beginning for The Rocky Horror Picture Show was from what Man Ray's painting?Lips Over Hollywood
5.1%
What is Eddie's Juvenile Delinquency Number?274306
3.7%
What was the name of the actor who played both a Transylvanian and photographer in the movie?Perry Bedden
3.4%
Why wasn't there a door to the lab?The builders forgot to build an extra door
3.1%
What does Frank do with his hands when he jumps into the pool?Holds his left hand over his nose and raises his right hand over his head
1.2%
Remove Ads.
Support Sporcle.
Get the best of Sporcle when you Go Orange. This ad-free experience offers more features, more stats, and more fun while also helping to support Sporcle. Thank you for becoming a member.

You're not logged in!

Compare scores with friends on all Sporcle quizzes.
OR
Log In

Show Comments

Extras

Created Jan 3, 2013ReportNominate
Tags:Show Quiz, horror, Image Quiz, Rocky

Top Quizzes Today


Score Distribution

Your Account Isn't Verified!

In order to create a playlist on Sporcle, you need to verify the email address you used during registration. Go to your Sporcle Settings to finish the process.

Report this User

Report this user for behavior that violates our Community Guidelines.

Details: